Sports Quiz

Random Sports or Baseball Quiz
Score 0/34 Timer 07:00
1 Play Today
Hitter First Names (Years Active) Shared Last Name % Correct
Fielder (1896-1915), Chipper (1993-2012), Andruw (1996-2012)Jones
89.4%
‘Shoeless Joe’ (1908-1920), Travis (1922-1936), Reggie (1967-1987)Jackson
88.3%
Torii (1997-2015)Hunter
87.4%
Lance (1987-2000), Bob (1933-1945)Johnson
86.2%
Keith (1974-1990)Hernandez
85.2%
Edgar (1987-2004), Victor (2002-2018)Martinez
84.6%
Lu (1921-1933)Blue
84%
Jimmy (1885-1903)Ryan
80.7%
Kirk (1979-1995)Gibson
78.1%
Derrek (1997-2011)Lee
73.1%
George (1890-1909), Harry (1895-1917), Willie (1960-1979), Chili (1981-1999), Eric (1984-2001)Davis
72.5%
Boog (1961-1977)Powell
69.4%
Willie (1951-1973)Mays
66.9%
Mike (2011–)Trout
66.2%
Brian (2001-2014)Roberts
62.5%
Deacon (1871-1890), Bill (1956-1969), Roy (1965-1979), Frank (1973-1990), Devon (1985-2001)White
61.5%
Jim (1963-1977)Wynn
58.5%
Hitter First Names (Years Active) Shared Last Name % Correct
Steve (1989-2007)Finley
56.7%
Orlando (2002-2012)Hudson
55.8%
Mike (1972-1989)Schmidt
55.7%
Chet (1975-1990) Lemon
52%
Cecil (1971-1987)Cooper
51.9%
Tony (1983-2001)Fernandez
51.2%
Greg (1989-2003)Vaughn
49.9%
Al (1924-1944), Ted (1968-1988)Simmons
45.9%
Joe (1938-1950), Sid (1941-1955), Alex (2007–)Gordon
43.8%
Eddie (1952-1968)Mathews
43.8%
Ezra (1871-1888)Sutton
39.5%
Frank (1898-1914)Chance
38.4%
Denny (1885-1897) Lyons
20.9%
Buck (1880-1897)Ewing
15.8%
Donie (1908-1923)Bush
13.2%
Art (1904-1913)Devlin
5.3%
Frank (1934-1948)McCormick
4.2%
Remove Ads.
Support Sporcle.
Get the best of Sporcle when you Go Orange. This ad-free experience offers more features, more stats, and more fun while also helping to support Sporcle. Thank you for becoming a member.

You're not logged in!

Compare scores with friends on all Sporcle quizzes.
OR
Log In

Sporcle TV

Today on Sporcle TV


Watch our educational content, quiz creation guides, and fun videos on Sporcle TV.

Show Comments

Extras

Top Quizzes Today


Score Distribution

Paid Content

Your Account Isn't Verified!

In order to create a playlist on Sporcle, you need to verify the email address you used during registration. Go to your Sporcle Settings to finish the process.

Report this User

Report this user for behavior that violates our Community Guidelines.

Details: